000 02298nam a2200445 a 4500
001 ebr10600508
003 CaPaEBR
006 m u
007 cr cn|||||||||
008 091027s2010 sz sbm 001 0deng d
010 _z 2009044813
020 _z9783039113705 (pbk. : alk. paper)
020 _z3039113704
020 _z9783039113705
020 _z9783035300116 (e-book)
040 _aCaPaEBR
_cCaPaEBR
035 _a(OCoLC)812915281
041 0 _aeng
_arus
043 _ae-ru---
050 1 4 _aPG3505.L4
_bL94 2010eb
100 1 _aLygo, Emily,
_d1977-
245 1 0 _aLeningrad poetry 1953-1975
_h[electronic resource] :
_bthe Thaw generation /
_cEmily Lygo.
260 _aBern, Switzerland ;
_aNew York :
_bP. Lang,
_cc2010.
300 _aviii, 362 p.
490 1 _aRussian transformations: literature, thought, culture,
_x1662-2454 ;
_vv. 2
500 _aBased on author's Ph.D. thesis, from University of Oxford, 2005.
504 _aIncludes bibliographical references (p. [335]-351) and index.
505 0 _aThe post-Stalin Thaw 1953-1964 -- After the Thaw, 1965-1975 -- Officially published poetry and Aleksandr Kushner -- Viktor Sosnora -- Dmitry Bobyshev -- Iosif Brodsky -- Principal LITOs and literary groups in Leningrad 1953-1975 -- Unofficial groups of poets in Leningrad 1953-1975 -- Statistics concerning the admission of poets to the Leningrad writers' union 1953-1975.
533 _aElectronic reproduction.
_bPalo Alto, Calif. :
_cebrary,
_d2011.
_nAvailable via World Wide Web.
_nAccess may be limited to ebrary affiliated libraries.
546 _aCritial material in English; poetry in parallel English and Russian.
650 0 _aRussian poetry
_zRussia (Federation)
_zSaint Petersburg
_xHistory and criticism.
650 0 _aRussian poetry
_y20th century
_xHistory and criticism.
650 0 _aPoets, Russian
_zRussia (Federation)
_zSaint Petersburg
_vBiography.
651 0 _aSaint Petersburg (Russia)
_xIntellectual life
_y20th century.
651 0 _aSaint Petersburg (Russia)
_xIn literature.
655 7 _aElectronic books.
_2local
710 2 _aebrary, Inc.
830 0 _aRussian transformations ;
_vv. 2.
856 4 0 _uhttp://site.ebrary.com/lib/rucke/Doc?id=10600508
_zAn electronic book accessible through the World Wide Web; click to view
999 _c194794
_d194794